|
|
|
|
| LEADER |
00000nam0a2200000 4500 |
| 001 |
273725 |
| 005 |
20231101234646.0 |
| 020 |
|
|
|a RU
|b 87-72112
|
| 035 |
|
|
|a (RuTPU)RU\TPU\book\296935
|
| 090 |
|
|
|a 273725
|
| 100 |
|
|
|a 20141028d1987 k y0rusy5003 ca
|
| 101 |
0 |
|
|a rus
|
| 102 |
|
|
|a RU
|
| 105 |
|
|
|a a z 001zy
|
| 200 |
1 |
|
|a Минералы месторождений Урала
|e сборник научных трудов
|f Академия наук СССР (АН СССР), Уральский научный центр (УНЦ)
|
| 210 |
|
|
|a Свердловск
|c Изд-во УНЦ АН СССР
|d 1987
|
| 215 |
|
|
|a 134 с.
|c ил.
|d 24 см
|
| 320 |
|
|
|a Библиогр. в конце статей
|
| 606 |
1 |
|
|a Минералогия
|2 stltpush
|3 (RuTPU)RU\TPU\subj\43907
|9 63333
|
| 610 |
1 |
|
|a Урал
|
| 610 |
1 |
|
|a титаномагнетиты
|
| 610 |
1 |
|
|a оливин
|
| 610 |
1 |
|
|a хромшпинелиды
|
| 610 |
1 |
|
|a кварц
|
| 610 |
1 |
|
|a поликраз
|
| 610 |
1 |
|
|a граниты
|
| 610 |
1 |
|
|a теллур
|
| 610 |
1 |
|
|a теллуриды
|
| 610 |
1 |
|
|a уральские минералы
|
| 610 |
1 |
|
|a первооткрыватели
|
| 675 |
|
|
|a 549
|z rus
|v 3
|
| 712 |
0 |
2 |
|a Академия наук СССР (АН СССР)
|b Уральский научный центр (УНЦ)
|2 stltpush
|3 (RuTPU)RU\TPU\col\3284
|
| 801 |
|
0 |
|a RU
|b RuMRKP
|c 19950417
|g psbo
|
| 801 |
|
1 |
|a RU
|b 63413507
|c 20141028
|
| 801 |
|
2 |
|a RU
|b 63413507
|c 20170116
|g RCR
|
| 942 |
|
|
|c BK
|